000 00302nam a22000977a 4500
003 OSt
008 201013b ||||| |||| 00| 0 eng d
100 _aTheraja, B. L
_aTheraja, A. K
_94783
245 _aA textbook of electrical technology : in S.I. system of units : Vol. 2,. AC and DC machines
942 _cBK
999 _c16368
_d16368